This widowed land / (Record no. 414)
[ view plain ]
| 000 -LEADER | |
|---|---|
| fixed length control field | 01156pam a2200325 a 4500 |
| 001 - CONTROL NUMBER | |
| control field | 1562028 |
| 003 - CONTROL NUMBER IDENTIFIER | |
| control field | SISC |
| 005 - DATE AND TIME OF LATEST TRANSACTION | |
| control field | 20160302093557.0 |
| 008 - FIXED-LENGTH DATA ELEMENTS--GENERAL INFORMATION | |
| fixed length control field | 921119s1993 nyub 000 1 eng |
| 010 ## - LIBRARY OF CONGRESS CONTROL NUMBER | |
| LC control number | 92043654 |
| 020 ## - INTERNATIONAL STANDARD BOOK NUMBER | |
| International Standard Book Number | 0312854641 (acidfree paper) : |
| Terms of availability | $21.95 ($28.95 Can.) |
| 040 ## - CATALOGING SOURCE | |
| Original cataloging agency | DLC |
| Transcribing agency | DLC |
| Modifying agency | OCoLC |
| 043 ## - GEOGRAPHIC AREA CODE | |
| Geographic area code | n-cn-qu |
| -- | n-cn--- |
| 050 00 - LIBRARY OF CONGRESS CALL NUMBER | |
| Classification number | PS 3557.E18 |
| Item number | .G292 1993 |
| 082 00 - DEWEY DECIMAL CLASSIFICATION NUMBER | |
| Classification number | HS 813.53 |
| Item number | G26 1993 |
| 100 1# - MAIN ENTRY--PERSONAL NAME | |
| Personal name | Gear, Kathleen O'Neal. |
| 9 (RLIN) | 14210 |
| 245 10 - TITLE STATEMENT | |
| Title | This widowed land / |
| Statement of responsibility, etc | Kathleen O'Neal Gear |
| 250 ## - EDITION STATEMENT | |
| Edition statement | 1st ed. |
| 260 ## - PUBLICATION, DISTRIBUTION, ETC. (IMPRINT) | |
| Place of publication, distribution, etc | New York : |
| Name of publisher, distributor, etc | TOR, |
| Date of publication, distribution, etc | c1993. |
| 300 ## - PHYSICAL DESCRIPTION | |
| Extent | 384 p. : |
| Other physical details | map ; |
| Dimensions | 25 cm. |
| 610 20 - SUBJECT ADDED ENTRY--CORPORATE NAME | |
| Corporate name or jurisdiction name as entry element | Jesuits |
| General subdivision | Missions |
| -- | Fiction. |
| 9 (RLIN) | 14211 |
| 650 #0 - SUBJECT ADDED ENTRY--TOPICAL TERM | |
| Topical term or geographic name as entry element | Wyandot Indians |
| General subdivision | Fiction. |
| 9 (RLIN) | 14212 |
| 651 #0 - SUBJECT ADDED ENTRY--GEOGRAPHIC NAME | |
| Geographic name | Canada |
| General subdivision | History |
| Chronological subdivision | To 1763 (New France) |
| General subdivision | Fiction. |
| 9 (RLIN) | 14213 |
| 651 #0 - SUBJECT ADDED ENTRY--GEOGRAPHIC NAME | |
| Geographic name | Québec (Province) |
| General subdivision | Fiction. |
| 9 (RLIN) | 14214 |
| 655 #7 - INDEX TERM--GENRE/FORM | |
| Genre/form data or focus term | Historical fiction. |
| Source of term | gsafd |
| 9 (RLIN) | 2926 |
| 906 ## - LOCAL DATA ELEMENT F, LDF (RLIN) | |
| a | 7 |
| b | cbc |
| c | orignew |
| d | 1 |
| e | ocip |
| f | 19 |
| g | y-gencatlg |
| 942 ## - ADDED ENTRY ELEMENTS (KOHA) | |
| Source of classification or shelving scheme | Library of Congress Classification |
| Koha item type | Books |
| Withdrawn status | Lost status | Source of classification or shelving scheme | Damaged status | Home library | Current library | Shelving location | Date acquired | Total Checkouts | Full call number | Barcode | Date last seen | Copy number | Price effective from | Koha item type |
|---|---|---|---|---|---|---|---|---|---|---|---|---|---|---|
| Library of Congress Classification | Luxembourg Library | Luxembourg Library | High School Section | 08/28/2013 | PS 3557.E18 .G292 1993 | 17851 | 08/13/2013 | 1 | 10/03/2013 | Books |